| 000 | 00850cam a2200181 4500 | ||
|---|---|---|---|
| 001 | WB3805-17 | ||
| 008 | 020207n2002 000 0 eng u | ||
| 035 | _a(Sirsi) u116640 | ||
| 245 | _aResidential investment database to be launched | ||
| 260 | _c2002 | ||
| 490 |
_aEstates Gazette _v (0205) 2 February 2002, 46(1) |
||
| 520 | _aInvestment Property Databank is to launch a 'definitive' index of residential investment, in May 2002, based on data from 12 residential funds. It will enable funds and individual investors to compare the performance of residential investments with other asset classes. The aim is to produce a current list every six months, and eventually a similar list for commercial sector. | ||
| 590 | _aWB | ||
| 650 | _aRESIDENTIAL INVESTMENT | ||
| 650 | _aINVESTMENT MARKET | ||
| 690 | _aHOUSING-INVESTMENT | ||
| 942 | _n0 | ||
| 999 |
_c69459 _d69459 |
||